Bienvenue à la Médiathèque de Saint-Andiol
banniere
Accueil Recherche avancée Mon compte
handi1 Rechercher dans le catalogue

Filtre   Mots-clés
  Recherche avancée
 
Lister les dernières nouveautés
 
Lister les livres GROS CARACTERES
 
Lister les périodiques (magazines)

handi1 indien dans la ville (Un)

<< Retourner aux résultats de la recherche
Book Cover
Auteur principal : Hervé Palud
Autres auteurs : Thierry Lhermitte Patrick Timsit Ludwig Briand
Titre : indien dans la ville (Un)
Support :
Langue : Francais
Publié : 1994 Ice films
Genre : Film familial
Sujets :
Étiquettes :
Pas de tags
LEADER 01034nlm0a2200229 450
001 16868199
100 |a 20120328d1994 u u0frey01 ba 
101 1 |a fre  |c fre 
102 |a FR 
200 0 |a indien dans la ville (Un)  |f Hervé Palud, réal.  |g Hervé Palud, Igor Aptekman, scénario - Thierry Lhermitte, Patrick Timsit, Ludwig Briand ... [et al.] act 
207 1 |a   
210 |c Ice films  |d 1994 
215 |a 1 DVD une couche sur une simple face (01 h 29 mn)  |c 1.85:1, 4/3, Couleur (PAL), Son. (Dolby Digital 2.0) 
300 |a Langues principales : français; 
330 |a Un fringant boursier se découvre le père d'un petit homme de la forêt amazonienne de 13 ans, et le ramène à Paris... Film familial par excellence, drôle et tendre... 
700 0 |a Palud  |b Hervé  |4 370 
702 0 |a Lhermitte  |b Thierry  |4 5 
702 0 |a Timsit  |b Patrick  |4 5 
702 0 |a Briand  |b Ludwig  |4 5 
900 |a Film familial 
901 |a Adultes 
995 |a Médiathèque  |c Médiathèque  |f 00156008368888  |h 00156008368888  |k FAM IND  |o p  |q j  |r gf  |e Médiathèque